[Event "DEM U14 2025"]
[Site "Willingen GER"]
[Date "2025.06.11"]
[Round "6"]
[White "Nemitz, Alfred"]
[Black "Nguyen, Thanh An"]
[Result "1-0"]
[Termination "normal"]
[Board "2"]
[WhiteTitle "FM"]
[WhiteElo "2315"]
[BlackElo "2041"]
[WhiteClock "01:01:59"]
[BlackClock "00:46:45"]
[PlyCount "41"]
[WhiteFideId "34601791"]
[BlackFideId "34627804"]
[EventCountry "GER"]
[EventRounds "9"]
[EventType "swiss"]
[EventDate "2025.06.07"]

1. d4 {[%clk 01:30:58]} {[%emt 00:00:02]} Nf6 {[%clk 01:30:56]} {[%emt
00:00:05]} 2. Nf3 {[%clk 01:31:24]} {[%emt 00:00:04]} e6 {[%clk 01:31:23]}
{[%emt 00:00:03]} 3. c4 {[%clk 01:31:50]} {[%emt 00:00:04]} d5 {[%clk
01:31:45]} {[%emt 00:00:07]} 4. g3 {[%clk 01:32:15]} {[%emt 00:00:06]} c5
{[%clk 01:31:28]} {[%emt 00:00:47]} 5. cxd5 {[%clk 01:32:41]} {[%emt 00:00:04]}
exd5 {[%clk 01:31:46]} {[%emt 00:00:12]} 6. Bg2 {[%clk 01:32:52]} {[%emt
00:00:19]} Nc6 {[%clk 01:31:50]} {[%emt 00:00:27]} 7. O-O {[%clk 01:33:15]}
{[%emt 00:00:06]} Be7 {[%clk 01:31:12]} {[%emt 00:01:08]} 8. dxc5 {[%clk
01:33:41]} {[%emt 00:00:04]} Bxc5 {[%clk 01:31:34]} {[%emt 00:00:07]} 9. Qc2
{[%clk 01:34:10]} {[%emt 00:00:02]} Bb6 {[%clk 01:31:09]} {[%emt 00:00:56]} 10.
Nc3 {[%clk 01:34:35]} {[%emt 00:00:04]} O-O {[%clk 01:30:11]} {[%emt 00:01:28]}
11. Na4 {[%clk 01:34:49]} {[%emt 00:00:17]} h6 {[%clk 01:29:37]} {[%emt
00:01:03]} 12. Nxb6 {[%clk 01:33:52]} {[%emt 00:01:27]} Qxb6 {[%clk 01:29:13]}
{[%emt 00:00:54]} 13. b3 {[%clk 01:32:24]} {[%emt 00:01:58]} Ne4 {[%clk
01:23:41]} {[%emt 00:06:01]} 14. Be3 {[%clk 01:31:40]} {[%emt 00:01:14]} Qb4
{[%clk 01:18:55]} {[%emt 00:05:18]} 15. Rfd1 {[%clk 01:31:05]} {[%emt
00:01:04]} Rd8 {[%clk 01:13:35]} {[%emt 00:05:50]} 16. Nd4 {[%clk 01:22:16]}
{[%emt 00:09:19]} Nxd4 {[%clk 01:08:40]} {[%emt 00:05:25]} 17. Rxd4 {[%clk
01:22:12]} {[%emt 00:00:32]} Qc3 {[%clk 01:08:20]} {[%emt 00:00:52]} 18. Qd1
{[%clk 01:19:14]} {[%emt 00:03:28]} Bf5 {[%clk 01:01:58]} {[%emt 00:06:52]} 19.
Rc1 {[%clk 01:19:19]} {[%emt 00:00:24]} Qa5 {[%clk 01:01:23]} {[%emt 00:01:06]}
20. a4 {[%clk 01:03:42]} {[%emt 00:16:07]} Rd7 {[%clk 00:46:45]} {[%emt
00:15:08]} 21. Bxe4 {[%clk 01:01:59]} {[%emt 00:01:43]} 1-0

[Event "DEM U14 2025"]
[Site "Willingen GER"]
[Date "2025.06.11"]
[Round "6"]
[White "Vranckx, Oscar"]
[Black "Herrmann, Arthur"]
[Result "1/2-1/2"]
[Termination "normal"]
[Board "3"]
[WhiteElo "2018"]
[BlackElo "2089"]
[WhiteClock "01:12:43"]
[BlackClock "00:00:26"]
[PlyCount "74"]
[WhiteFideId "34608788"]
[BlackFideId "16287150"]
[EventCountry "GER"]
[EventRounds "9"]
[EventType "swiss"]
[EventDate "2025.06.07"]

1. e4 {[%clk 01:30:55]} {[%emt 00:00:04]} c5 {[%clk 01:30:57]} {[%emt
00:00:05]} 2. Nf3 {[%clk 01:31:19]} {[%emt 00:00:05]} Nc6 {[%clk 01:31:23]}
{[%emt 00:00:04]} 3. d4 {[%clk 01:31:44]} {[%emt 00:00:05]} cxd4 {[%clk
01:31:49]} {[%emt 00:00:05]} 4. Nxd4 {[%clk 01:32:09]} {[%emt 00:00:04]} Nf6
{[%clk 01:32:14]} {[%emt 00:00:05]} 5. Nc3 {[%clk 01:32:34]} {[%emt 00:00:05]}
e6 {[%clk 01:32:39]} {[%emt 00:00:05]} 6. Ndb5 {[%clk 01:32:28]} {[%emt
00:00:36]} Bc5 {[%clk 01:32:52]} {[%emt 00:00:17]} 7. Nd6+ {[%clk 01:32:20]}
{[%emt 00:00:38]} Ke7 {[%clk 01:33:14]} {[%emt 00:00:08]} 8. Bf4 {[%clk
01:32:38]} {[%emt 00:00:12]} e5 {[%clk 01:33:26]} {[%emt 00:00:18]} 9. Nf5+
{[%clk 01:32:53]} {[%emt 00:00:15]} Kf8 {[%clk 01:33:36]} {[%emt 00:00:20]} 10.
Bg5 {[%clk 01:31:01]} {[%emt 00:02:22]} d6 {[%clk 01:33:27]} {[%emt 00:00:39]}
11. Bxf6 {[%clk 01:29:33]} {[%emt 00:01:58]} Qxf6 {[%clk 01:33:12]} {[%emt
00:00:45]} 12. Nd5 {[%clk 01:29:52]} {[%emt 00:00:10]} Qd8 {[%clk 01:17:12]}
{[%emt 00:16:31]} 13. c3 {[%clk 01:28:12]} {[%emt 00:02:10]} a5 {[%clk
00:49:24]} {[%emt 00:28:19]} 14. Qd2 {[%clk 01:27:16]} {[%emt 00:01:25]} h5
{[%clk 00:44:56]} {[%emt 00:04:58]} 15. Bc4 {[%clk 01:26:00]} {[%emt 00:01:46]}
Be6 {[%clk 00:41:19]} {[%emt 00:04:06]} 16. O-O {[%clk 01:23:30]} {[%emt
00:03:00]} g6 {[%clk 00:39:40]} {[%emt 00:02:10]} 17. Nfe3 {[%clk 01:23:50]}
{[%emt 00:00:10]} Kg7 {[%clk 00:39:08]} {[%emt 00:01:02]} 18. Rad1 {[%clk
01:23:00]} {[%emt 00:01:20]} Rc8 {[%clk 00:36:38]} {[%emt 00:03:01]} 19. b3
{[%clk 01:22:20]} {[%emt 00:01:09]} Ne7 {[%clk 00:22:40]} {[%emt 00:14:28]} 20.
Kh1 {[%clk 01:19:14]} {[%emt 00:03:36]} Nxd5 {[%clk 00:12:56]} {[%emt
00:10:15]} 21. Nxd5 {[%clk 01:19:34]} {[%emt 00:00:09]} f5 {[%clk 00:10:23]}
{[%emt 00:03:03]} 22. f4 {[%clk 01:15:03]} {[%emt 00:05:01]} fxe4 {[%clk
00:09:39]} {[%emt 00:01:14]} 23. fxe5 {[%clk 01:15:22]} {[%emt 00:00:11]} dxe5
{[%clk 00:09:03]} {[%emt 00:01:06]} 24. Qe1 {[%clk 01:15:45]} {[%emt 00:00:07]}
Bf5 {[%clk 00:06:36]} {[%emt 00:02:57]} 25. Ne3 {[%clk 01:15:38]} {[%emt
00:00:37]} Qg5 {[%clk 00:06:11]} {[%emt 00:00:55]} 26. Nxf5+ {[%clk 01:15:17]}
{[%emt 00:00:51]} gxf5 {[%clk 00:06:38]} {[%emt 00:00:03]} 27. Rd7+ {[%clk
01:14:49]} {[%emt 00:00:58]} Kh6 {[%clk 00:06:15]} {[%emt 00:00:53]} 28. Rf7
{[%clk 01:13:38]} {[%emt 00:01:41]} Rcf8 {[%clk 00:05:40]} {[%emt 00:01:05]}
29. R1xf5 {[%clk 01:12:22]} {[%emt 00:01:46]} Qxf5 {[%clk 00:05:20]} {[%emt
00:00:50]} 30. Rxf5 {[%clk 01:12:48]} {[%emt 00:00:04]} Rxf5 {[%clk 00:05:46]}
{[%emt 00:00:04]} 31. Qxe4 {[%clk 01:13:12]} {[%emt 00:00:06]} Rhf8 {[%clk
00:05:28]} {[%emt 00:00:47]} 32. h3 {[%clk 01:13:32]} {[%emt 00:00:10]} b6
{[%clk 00:02:20]} {[%emt 00:03:39]} 33. Bd3 {[%clk 01:11:36]} {[%emt 00:02:26]}
Rf1+ {[%clk 00:00:53]} {[%emt 00:01:57]} 34. Bxf1 {[%clk 01:11:51]} {[%emt
00:00:14]} Rxf1+ {[%clk 00:01:19]} {[%emt 00:00:04]} 35. Kh2 {[%clk 01:12:17]}
{[%emt 00:00:04]} Bg1+ {[%clk 00:01:44]} {[%emt 00:00:05]} 36. Kg3 {[%clk
01:12:26]} {[%emt 00:00:21]} Bf2+ {[%clk 00:01:58]} {[%emt 00:00:17]} 37. Kf3
{[%clk 01:12:43]} {[%emt 00:01:52]} Bh4+ {[%clk 00:00:26]} 1/2-1/2

[Event "DEM U14 2025"]
[Site "Willingen GER"]
[Date "2025.06.11"]
[Round "6"]
[White "Mohylnyi, Stepan"]
[Black "Sydykov, Bayastan"]
[Result "1/2-1/2"]
[Termination "normal"]
[Board "4"]
[WhiteTitle "FM"]
[BlackTitle "FM"]
[WhiteElo "2314"]
[BlackElo "2301"]
[WhiteClock "00:09:44"]
[BlackClock "00:29:41"]
[PlyCount "84"]
[WhiteFideId "34127836"]
[BlackFideId "13829610"]
[EventCountry "GER"]
[EventRounds "9"]
[EventType "swiss"]
[EventDate "2025.06.07"]

1. e4 {[%clk 01:30:58]} {[%emt 00:00:01]} e6 {[%clk 01:30:52]} {[%emt
00:00:08]} 2. d4 {[%emt 00:00:09]} d5 {[%clk 01:31:18]} 3. Nc3 {[%clk
01:31:43]} {[%emt 00:00:10]} Nf6 {[%clk 01:31:42]} {[%emt 00:00:06]} 4. Bg5
{[%clk 01:32:03]} {[%emt 00:00:10]} h6 {[%clk 01:31:58]} {[%emt 00:00:14]} 5.
Bxf6 {[%clk 01:31:53]} {[%emt 00:00:41]} Qxf6 {[%clk 01:32:21]} {[%emt
00:00:06]} 6. Nf3 {[%clk 01:26:34]} {[%emt 00:05:49]} c6 {[%clk 01:16:49]}
{[%emt 00:16:02]} 7. Bd3 {[%clk 01:25:27]} {[%emt 00:01:36]} Qd8 {[%clk
01:16:44]} {[%emt 00:00:36]} 8. Qe2 {[%clk 01:24:06]} {[%emt 00:01:51]} Be7
{[%clk 01:15:31]} {[%emt 00:01:43]} 9. Ne5 {[%clk 01:12:31]} {[%emt 00:12:05]}
Nd7 {[%clk 01:04:38]} {[%emt 00:11:23]} 10. f4 {[%clk 01:05:25]} {[%emt
00:07:36]} Nxe5 {[%clk 00:54:25]} {[%emt 00:10:43]} 11. fxe5 {[%clk 01:03:13]}
{[%emt 00:02:42]} Qb6 {[%clk 00:51:24]} {[%emt 00:03:31]} 12. O-O-O {[%clk
00:57:39]} {[%emt 00:06:04]} Qxd4 {[%clk 00:47:27]} {[%emt 00:04:27]} 13. Qh5
{[%clk 00:49:36]} {[%emt 00:08:33]} g6 {[%clk 00:33:07]} {[%emt 00:14:51]} 14.
Qf3 {[%clk 00:47:14]} {[%emt 00:02:51]} Qxe5 {[%clk 00:33:21]} {[%emt
00:00:16]} 15. exd5 {[%clk 00:36:46]} {[%emt 00:10:57]} exd5 {[%clk 00:29:24]}
{[%emt 00:04:28]} 16. Rde1 {[%clk 00:36:38]} {[%emt 00:00:38]} Qd6 {[%clk
00:28:36]} {[%emt 00:01:18]} 17. Qe2 {[%clk 00:35:47]} {[%emt 00:01:21]} Be6
{[%clk 00:21:26]} {[%emt 00:07:41]} 18. Bxg6 {[%clk 00:33:07]} {[%emt
00:03:09]} O-O-O {[%clk 00:20:23]} {[%emt 00:01:33]} 19. Bd3 {[%clk 00:32:57]}
{[%emt 00:00:40]} Qb4 {[%clk 00:12:12]} {[%emt 00:08:41]} 20. Rhf1 {[%clk
00:31:53]} {[%emt 00:01:34]} Rhe8 {[%clk 00:11:34]} {[%emt 00:01:08]} 21. a3
{[%clk 00:31:01]} {[%emt 00:01:22]} Qa5 {[%clk 00:11:33]} {[%emt 00:00:31]} 22.
Qe5 {[%clk 00:30:51]} {[%emt 00:00:39]} Bd6 {[%clk 00:08:48]} {[%emt 00:03:15]}
23. Qf6 {[%clk 00:30:16]} {[%emt 00:01:05]} d4 {[%clk 00:06:26]} {[%emt
00:02:53]} 24. Ne4 {[%clk 00:29:19]} {[%emt 00:01:27]} Be7 {[%clk 00:04:26]}
{[%emt 00:02:30]} 25. Qxh6 {[%clk 00:29:24]} {[%emt 00:00:25]} c5 {[%clk
00:04:04]} {[%emt 00:00:52]} 26. Qd2 {[%clk 00:12:42]} {[%emt 00:17:11]} Qb6
{[%clk 00:02:13]} {[%emt 00:02:22]} 27. Ng5 {[%clk 00:11:30]} {[%emt 00:01:42]}
Bxg5 {[%clk 00:01:21]} {[%emt 00:01:22]} 28. Qxg5 {[%clk 00:11:58]} {[%emt
00:00:01]} c4 {[%clk 00:01:01]} {[%emt 00:00:50]} 29. Bf5 {[%clk 00:12:08]}
{[%emt 00:00:20]} c3 {[%clk 00:00:56]} {[%emt 00:00:36]} 30. Bxe6+ {[%clk
00:12:32]} {[%emt 00:00:06]} Rxe6 {[%clk 00:00:44]} {[%emt 00:00:43]} 31. b4
{[%clk 00:09:45]} {[%emt 00:03:16]} Qa6 {[%clk 00:00:34]} {[%emt 00:00:40]} 32.
Qc5+ {[%clk 00:10:11]} {[%emt 00:00:04]} Kb8 {[%clk 00:00:37]} {[%emt
00:00:27]} 33. b5 {[%clk 00:10:36]} {[%emt 00:00:05]} Rxe1+ {[%clk 00:00:35]}
{[%emt 00:00:33]} 34. Rxe1 {[%clk 00:11:04]} Qh6+ {[%clk 00:00:53]} {[%emt
00:00:11]} 35. Kb1 {[%clk 00:11:33]} {[%emt 00:00:02]} Qxh2 {[%clk 00:00:37]}
{[%emt 00:00:46]} 36. Re7 {[%clk 00:11:37]} {[%emt 00:00:26]} Rc8 {[%clk
00:00:33]} {[%emt 00:00:33]} 37. Qd5 {[%clk 00:11:45]} {[%emt 00:00:22]} Rc7
{[%clk 00:00:33]} {[%emt 00:00:30]} 38. Re8+ {[%clk 00:11:23]} {[%emt
00:00:52]} Rc8 {[%clk 00:00:58]} {[%emt 00:00:06]} 39. Rxc8+ {[%clk 00:10:36]}
{[%emt 00:01:16]} Kxc8 {[%clk 00:01:28]} {[%emt 00:00:01]} 40. Qxd4 {[%clk
00:11:05]} {[%emt 00:00:01]} Qh1+ {[%clk 00:00:36]} {[%emt 00:01:21]} 41. Ka2
{[%clk 00:11:31]} {[%emt 00:00:04]} Qxg2 {[%clk 00:00:42]} {[%emt 00:00:25]}
42. Qxc3+ {[%clk 00:09:44]} {[%emt 00:02:16]} Kd7 {[%clk 00:29:41]} {[%emt
00:01:31]} 1/2-1/2

[Event "DEM U14 2025"]
[Site "Willingen GER"]
[Date "2025.06.11"]
[Round "6"]
[White "Dodul, Arthur"]
[Black "Mandalka, Justus"]
[Result "0-1"]
[Termination "normal"]
[Board "5"]
[WhiteElo "1926"]
[BlackElo "2076"]
[WhiteClock "00:49:23"]
[BlackClock "00:50:19"]
[PlyCount "104"]
[WhiteFideId "34609016"]
[BlackFideId "16298144"]
[EventCountry "GER"]
[EventRounds "9"]
[EventType "swiss"]
[EventDate "2025.06.07"]

1. e4 {[%clk 01:30:56]} {[%emt 00:00:03]} c5 {[%clk 01:30:56]} {[%emt
00:00:05]} 2. c3 {[%clk 01:31:20]} {[%emt 00:00:06]} d5 {[%clk 01:31:20]}
{[%emt 00:00:05]} 3. exd5 {[%clk 01:31:46]} {[%emt 00:00:05]} Qxd5 {[%clk
01:31:46]} {[%emt 00:00:04]} 4. d4 {[%clk 01:32:11]} {[%emt 00:00:05]} Nc6
{[%clk 01:32:12]} {[%emt 00:00:04]} 5. Nf3 {[%clk 01:32:34]} {[%emt 00:00:06]}
Nf6 {[%clk 01:32:26]} {[%emt 00:00:17]} 6. Be2 {[%clk 01:32:27]} {[%emt
00:00:37]} cxd4 {[%clk 01:29:04]} {[%emt 00:03:51]} 7. cxd4 {[%clk 01:32:50]}
{[%emt 00:00:08]} Bf5 {[%clk 01:27:41]} {[%emt 00:01:52]} 8. Nc3 {[%clk
01:32:26]} {[%emt 00:00:54]} Qa5 {[%clk 01:27:59]} {[%emt 00:00:13]} 9. O-O
{[%clk 01:31:23]} {[%emt 00:01:33]} e6 {[%clk 01:28:12]} {[%emt 00:00:17]} 10.
Qb3 {[%clk 01:27:39]} {[%emt 00:04:13]} Bb4 {[%clk 01:21:16]} {[%emt 00:07:27]}
11. a3 {[%clk 01:25:07]} {[%emt 00:03:02]} Bxc3 {[%clk 01:20:47]} {[%emt
00:00:59]} 12. Qxb7 {[%clk 01:22:06]} {[%emt 00:03:31]} O-O {[%clk 01:20:35]}
{[%emt 00:00:42]} 13. bxc3 {[%clk 01:20:43]} {[%emt 00:01:53]} Rfc8 {[%clk
01:16:41]} {[%emt 00:04:24]} 14. Bd2 {[%clk 01:14:59]} {[%emt 00:06:14]} Ne4
{[%clk 01:12:45]} {[%emt 00:04:26]} 15. Qb2 {[%clk 01:12:55]} {[%emt 00:02:34]}
Rab8 {[%clk 01:12:23]} {[%emt 00:00:52]} 16. Qc1 {[%clk 01:11:03]} {[%emt
00:02:22]} Rb3 {[%clk 00:58:40]} {[%emt 00:14:13]} 17. c4 {[%clk 01:07:09]}
{[%emt 00:04:24]} Nxd2 {[%clk 00:57:30]} {[%emt 00:01:40]} 18. Nxd2 {[%clk
01:07:02]} {[%emt 00:00:36]} Rc3 {[%clk 00:57:09]} {[%emt 00:00:52]} 19. Qb2
{[%clk 00:55:26]} {[%emt 00:12:06]} Rb8 {[%clk 00:57:27]} {[%emt 00:00:13]} 20.
Qa2 {[%clk 00:51:06]} {[%emt 00:04:49]} Rc2 {[%clk 00:57:39]} {[%emt 00:00:17]}
21. Nb3 {[%clk 00:51:26]} {[%emt 00:00:11]} Qd8 {[%clk 00:54:09]} {[%emt
00:04:00]} 22. Qb1 {[%clk 00:50:49]} {[%emt 00:01:07]} Rxe2 {[%clk 00:54:32]}
{[%emt 00:00:07]} 23. Qd1 {[%clk 00:51:08]} {[%emt 00:00:11]} Rc2 {[%clk
00:54:29]} {[%emt 00:00:32]} 24. d5 {[%clk 00:50:37]} {[%emt 00:01:02]} exd5
{[%clk 00:51:34]} {[%emt 00:03:25]} 25. cxd5 {[%clk 00:50:57]} {[%emt
00:00:10]} Rxb3 {[%clk 00:51:36]} {[%emt 00:00:27]} 26. dxc6 {[%clk 00:51:04]}
{[%emt 00:00:24]} Qxd1 {[%clk 00:51:43]} {[%emt 00:00:23]} 27. Rfxd1 {[%clk
00:50:31]} {[%emt 00:01:02]} h6 {[%clk 00:52:07]} {[%emt 00:00:06]} 28. Rd8+
{[%clk 00:50:41]} {[%emt 00:00:20]} Kh7 {[%clk 00:52:36]} {[%emt 00:00:02]} 29.
Ra8 {[%clk 00:51:01]} {[%emt 00:00:10]} Rxc6 {[%clk 00:52:36]} {[%emt
00:00:30]} 30. Rxa7 {[%clk 00:51:20]} {[%emt 00:00:11]} Be6 {[%clk 00:52:04]}
{[%emt 00:01:02]} 31. a4 {[%clk 00:51:09]} {[%emt 00:00:41]} Rb2 {[%clk
00:52:19]} {[%emt 00:00:14]} 32. Ra5 {[%clk 00:48:57]} {[%emt 00:02:43]} Rcc2
{[%clk 00:52:40]} {[%emt 00:00:09]} 33. Rb5 {[%clk 00:49:14]} {[%emt 00:00:13]}
Rxb5 {[%clk 00:52:29]} {[%emt 00:00:41]} 34. axb5 {[%clk 00:49:38]} {[%emt
00:00:06]} Rb2 {[%clk 00:52:58]} 35. h3 {[%clk 00:49:50]} {[%emt 00:00:18]}
Rxb5 {[%clk 00:53:23]} {[%emt 00:00:04]} 36. Kh2 {[%clk 00:50:00]} {[%emt
00:00:19]} Rb2 {[%clk 00:53:40]} {[%emt 00:00:14]} 37. Kg3 {[%clk 00:50:20]}
{[%emt 00:00:10]} g5 {[%clk 00:53:53]} {[%emt 00:00:17]} 38. f3 {[%clk
00:50:12]} {[%emt 00:00:38]} Kg6 {[%emt 00:00:44]} 39. Ra5 {[%clk 00:50:14]}
Bc4 {[%clk 00:53:04]} {[%emt 00:01:32]} 40. Ra1 {[%clk 00:50:29]} {[%emt
00:00:15]} f5 {[%clk 00:52:00]} {[%emt 00:01:34]} 41. Rc1 {[%clk 00:50:16]}
{[%emt 00:00:43]} Bd5 {[%clk 00:52:15]} {[%emt 00:00:15]} 42. Rc3 {[%clk
00:50:07]} {[%emt 00:00:40]} f4+ {[%clk 00:51:23]} {[%emt 00:01:22]} 43. Kh2
{[%clk 00:50:26]} {[%emt 00:00:09]} Kh5 {[%clk 00:51:27]} {[%emt 00:00:28]} 44.
Rd3 {[%clk 00:49:32]} {[%emt 00:01:23]} Bb7 {[%clk 00:51:55]} {[%emt 00:00:03]}
45. Kh1 {[%clk 00:47:23]} {[%emt 00:02:39]} Kh4 {[%clk 00:52:02]} {[%emt
00:00:23]} 46. Kh2 {[%clk 00:47:48]} {[%emt 00:00:05]} Bc8 {[%clk 00:50:58]}
{[%emt 00:01:34]} 47. Rd8 {[%clk 00:47:38]} {[%emt 00:00:40]} Bxh3 {[%clk
00:50:31]} {[%emt 00:00:55]} 48. Rh8 {[%clk 00:47:46]} {[%emt 00:00:23]} h5
{[%clk 00:50:53]} {[%emt 00:00:08]} 49. Kh1 {[%clk 00:48:08]} {[%emt 00:00:08]}
Bxg2+ {[%clk 00:51:16]} {[%emt 00:00:07]} 50. Kg1 {[%clk 00:48:35]} {[%emt
00:00:03]} Bxf3 {[%clk 00:50:07]} {[%emt 00:01:40]} 51. Re8 {[%clk 00:48:57]}
{[%emt 00:00:08]} Kg3 {[%clk 00:50:21]} {[%emt 00:00:16]} 52. Re1 {[%clk
00:49:23]} {[%emt 00:00:04]} Rh2 {[%clk 00:50:19]} {[%emt 00:00:31]} 0-1

[Event "DEM U14 2025"]
[Site "Willingen GER"]
[Date "2025.06.11"]
[Round "6"]
[White "Zhang, Yibo"]
[Black "Stehning, Toni"]
[Result "1/2-1/2"]
[Termination "normal"]
[Board "6"]
[WhiteElo "2014"]
[BlackElo "1873"]
[WhiteClock "00:05:29"]
[BlackClock "00:49:55"]
[PlyCount "85"]
[WhiteFideId "16287657"]
[BlackFideId "34623477"]
[EventCountry "GER"]
[EventRounds "9"]
[EventType "swiss"]
[EventDate "2025.06.07"]

1. e4 {[%clk 01:30:20]} {[%emt 00:00:29]} e5 {[%clk 01:30:23]} {[%emt
00:00:48]} 2. Nf3 {[%clk 01:30:31]} {[%emt 00:00:19]} Nc6 {[%clk 01:30:45]}
{[%emt 00:00:07]} 3. Bb5 {[%clk 01:30:25]} {[%emt 00:00:37]} a6 {[%clk
01:29:34]} {[%emt 00:01:42]} 4. Ba4 {[%clk 01:30:49]} {[%emt 00:00:05]} Nf6
{[%clk 01:29:59]} {[%emt 00:00:06]} 5. O-O {[%clk 01:30:47]} {[%emt 00:00:31]}
b5 {[%clk 01:28:58]} {[%emt 00:01:32]} 6. Bb3 {[%clk 01:30:57]} {[%emt
00:00:19]} Be7 {[%clk 01:29:06]} {[%emt 00:00:22]} 7. Re1 {[%clk 01:30:12]}
{[%emt 00:01:15]} d6 {[%clk 01:27:13]} {[%emt 00:02:23]} 8. c3 {[%clk
01:30:18]} {[%emt 00:00:25]} Na5 {[%clk 01:25:45]} {[%emt 00:01:58]} 9. Bc2
{[%clk 01:29:35]} {[%emt 00:01:12]} c5 {[%clk 01:25:15]} {[%emt 00:01:00]} 10.
d4 {[%clk 01:27:33]} {[%emt 00:02:33]} Nc6 {[%clk 01:24:06]} {[%emt 00:01:39]}
11. d5 {[%clk 01:21:38]} {[%emt 00:06:25]} Nb8 {[%clk 01:21:07]} {[%emt
00:03:29]} 12. a4 {[%clk 01:18:23]} {[%emt 00:03:45]} Bb7 {[%clk 01:19:08]}
{[%emt 00:02:28]} 13. b4 {[%clk 01:04:04]} {[%emt 00:14:49]} c4 {[%clk
01:16:36]} {[%emt 00:03:03]} 14. Nbd2 {[%clk 01:02:53]} {[%emt 00:01:40]} O-O
{[%clk 01:13:03]} {[%emt 00:04:03]} 15. Nf1 {[%clk 01:00:26]} {[%emt 00:02:56]}
Qd7 {[%clk 01:11:40]} {[%emt 00:01:53]} 16. h3 {[%clk 00:57:57]} {[%emt
00:02:59]} a5 {[%clk 01:09:32]} {[%emt 00:02:39]} 17. axb5 {[%clk 00:40:37]}
{[%emt 00:17:50]} axb4 {[%clk 01:08:27]} {[%emt 00:01:35]} 18. Rxa8 {[%clk
00:40:59]} {[%emt 00:00:08]} Bxa8 {[%clk 01:08:40]} {[%emt 00:00:17]} 19. cxb4
{[%clk 00:41:09]} {[%emt 00:00:20]} Qxb5 {[%clk 01:08:05]} {[%emt 00:01:05]}
20. Bd2 {[%clk 00:33:00]} {[%emt 00:08:39]} Rc8 {[%clk 01:07:04]} {[%emt
00:01:31]} 21. Bc3 {[%clk 00:31:31]} {[%emt 00:01:59]} Na6 {[%clk 01:05:35]}
{[%emt 00:01:59]} 22. Qd2 {[%clk 00:29:37]} {[%emt 00:02:25]} Nh5 {[%clk
00:48:38]} {[%emt 00:17:26]} 23. Ne3 {[%clk 00:20:35]} {[%emt 00:09:32]} Nf4
{[%clk 00:46:50]} {[%emt 00:02:18]} 24. Ra1 {[%clk 00:16:43]} {[%emt 00:04:23]}
Nc7 {[%clk 00:46:19]} {[%emt 00:01:00]} 25. Ra5 {[%clk 00:13:34]} {[%emt
00:03:40]} Qb7 {[%clk 00:46:26]} {[%emt 00:00:22]} 26. Nf5 {[%clk 00:12:01]}
{[%emt 00:02:03]} Bf8 {[%clk 00:40:15]} {[%emt 00:06:41]} 27. g3 {[%clk
00:11:31]} {[%emt 00:01:00]} Ng6 {[%clk 00:38:27]} {[%emt 00:02:17]} 28. Ba4
{[%clk 00:11:24]} {[%emt 00:00:38]} Qb6 {[%clk 00:37:29]} {[%emt 00:01:28]} 29.
Qa2 {[%clk 00:08:53]} {[%emt 00:03:01]} Ne7 {[%clk 00:35:12]} {[%emt 00:02:47]}
30. Ne3 {[%clk 00:08:31]} {[%emt 00:00:51]} Ng6 {[%clk 00:31:10]} {[%emt
00:04:33]} 31. Nxc4 {[%clk 00:07:02]} {[%emt 00:01:59]} Qb8 {[%clk 00:30:28]}
{[%emt 00:01:12]} 32. Bd2 {[%clk 00:05:21]} {[%emt 00:02:11]} Ne8 {[%clk
00:29:32]} {[%emt 00:01:26]} 33. Rxa8 {[%clk 00:02:13]} {[%emt 00:03:39]} Qxa8
{[%clk 00:28:03]} {[%emt 00:01:59]} 34. Nb6 {[%clk 00:02:41]} {[%emt 00:00:01]}
Qb7 {[%clk 00:28:00]} {[%emt 00:00:33]} 35. Nxc8 {[%clk 00:03:05]} {[%emt
00:00:06]} Qxc8 {[%clk 00:28:23]} {[%emt 00:00:06]} 36. Kg2 {[%clk 00:02:51]}
{[%emt 00:00:45]} f5 {[%clk 00:27:37]} {[%emt 00:01:15]} 37. exf5 {[%clk
00:02:27]} {[%emt 00:00:55]} Ne7 {[%clk 00:27:01]} {[%emt 00:01:05]} 38. g4
{[%clk 00:01:01]} {[%emt 00:01:57]} Nf6 {[%clk 00:26:34]} {[%emt 00:00:56]} 39.
b5 {[%clk 00:00:52]} {[%emt 00:00:40]} Qb7 {[%clk 00:25:38]} {[%emt 00:01:25]}
40. Bg5 {[%clk 00:00:35]} {[%emt 00:00:48]} Kh8 {[%clk 00:24:44]} {[%emt
00:01:24]} 41. Bd2 {[%clk 00:15:25]} {[%emt 00:15:40]} Nexd5 {[%clk 00:53:59]}
{[%emt 00:01:15]} 42. Kh2 {[%clk 00:09:11]} {[%emt 00:06:44]} Ne4 {[%clk
00:49:55]} {[%emt 00:04:34]} 43. Be1 {[%clk 00:05:29]} {[%emt 00:04:13]}
1/2-1/2